Informe de las actividades del Sindicato Nacional de Enseñanza en 1966. (Record no. 144225)

MARC details
000 -LEADER
campo de control de longitud fija 00515nam a2200169 4500
001 - NÚMERO DE CONTROL
campo de control 144225
003 - IDENTIFICADOR DE NÚMERO DE CONTROL
campo de control ES-MaACL
005 - FECHA Y HORA DE LA ÚLTIMA TRANSACCIÓN
campo de control 20230906200954.0
007 - CAMPO FIJO DE DESCRIPCIÓN FÍSICA--INFORMACIÓN GENERAL
campo de control de longitud fija t|
008 - DATOS DE LONGITUD FIJA--INFORMACIÓN GENERAL
campo de control de longitud fija 070214s1967 sp r ||||1| spa d
100 1# - ENTRADA PRINCIPAL--NOMBRE DE PERSONA
Nombre de persona Sindicato Nacional de Enseñanza (España)
9 (RLIN) 220992
245 10 - MENCIÓN DEL TÍTULO
Título Informe de las actividades del Sindicato Nacional de Enseñanza en 1966.
260 ## - PUBLICACIÓN, DISTRIBUCIÓN, ETC.
Lugar de publicación, distribución, etc. Madrid :
Nombre del editor, distribuidor, etc. [s. n.],
Fecha de publicación, distribución, etc. 1967 (
Fabricante Gráf. Arpema)
300 ## - DESCRIPCIÓN FÍSICA
Extensión 33 p. ;
Dimensiones 21 cm.
852 ## - LOCALIZACIÓN
Ubicación ES-MaACL
Número de control de estantería 2061-F-6
Sublocalización o colección R.63334
Holdings
Estatus retirado Estado de pérdida Estado de daño No para préstamo Colección Biblioteca de origen Biblioteca actual Ubicación en estantería Fecha de adquisición Fuente de adquisición Total de préstamos Signatura topográfica completa Código de barras Visto por última vez Precio de reemplazo Tipo de ítem Koha
        Colección de folletos Biblioteca del Ateneo de Madrid Biblioteca del Ateneo de Madrid Depósito folletos 17/01/2008     2061-F-6 1150053 23/02/2023 23/02/2023 Folleto